The best Christmas pageant ever (Record no. 412722)
[ view plain ]
| 000 -LEADER | |
|---|---|
| fixed length control field | 02152ngm a2200529Ia 4500 |
| 001 - CONTROL NUMBER | |
| control field | ocm51110227 |
| 003 - CONTROL NUMBER IDENTIFIER | |
| control field | OCoLC |
| 005 - DATE AND TIME OF LATEST TRANSACTION | |
| control field | 20251021160342.0 |
| 007 - PHYSICAL DESCRIPTION FIXED FIELD--GENERAL INFORMATION | |
| fixed length control field | vd cvaizu |
| 008 - FIXED-LENGTH DATA ELEMENTS--GENERAL INFORMATION | |
| fixed length control field | 021203s1986 xxu060 j vleng d |
| 028 42 - PUBLISHER NUMBER | |
| Publisher number | DVD BC 2002 |
| Source | Television Representative |
| 035 ## - SYSTEM CONTROL NUMBER | |
| System control number | 583862 |
| 035 ## - SYSTEM CONTROL NUMBER | |
| System control number | (OCoLC)51110227 |
| 040 ## - CATALOGING SOURCE | |
| Original cataloging agency | IHI |
| Transcribing agency | IHI |
| Modifying agency | DAD |
| -- | OCoLC |
| Description conventions | rda |
| 092 ## - LOCALLY ASSIGNED DEWEY CALL NUMBER (OCLC) | |
| Classification number | holiday movie |
| Item number | the best christmas pageant ever |
| 245 04 - TITLE STATEMENT | |
| Title | The best Christmas pageant ever |
| Medium | [videorecording] / |
| 260 ## - PUBLICATION, DISTRIBUTION, ETC. (IMPRINT) | |
| Place of publication, distribution, etc | [United States] : |
| Name of publisher, distributor, etc | Television Representative, |
| Date of publication, distribution, etc | c1986. |
| 264 ## - Production, Publication, Distribution, Manufacture, and Copyright Notice. | |
| Place of production, publication, distribution, manufacture | [United States] : |
| Name of producer, publisher, distributor, manufacturer | Television Representative, |
| Date of production, publication, distribution, manufacture, or copyr | c1986. |
| 300 ## - PHYSICAL DESCRIPTION | |
| Extent | 1 videodisc (ca. 60 min.) : |
| Other physical details | sd., col. ; |
| Dimensions | 4 3/4 in. |
| 500 ## - GENERAL NOTE | |
| General note | DVD release of television program. |
| 500 ## - GENERAL NOTE | |
| General note | Based on the novel by Barbara Robinson. |
| 508 ## - CREATION/PRODUCTION CREDITS NOTE | |
| Creation/production credits note | Director of photography, Edward R. Brown ; film editor, Andy Blumenthal ; music, John Elizalde ; executive producer, Merrill H. Karpf. |
| 511 1# - PARTICIPANT OR PERFORMER NOTE | |
| Participant or performer note | Starring: Loretta Swit, Jackson Davies, Anthony Holland, David Alexander, Fairuza Balk, Ocean Hellman, Janet Wright. |
| 520 ## - SUMMARY, ETC. | |
| Summary, etc | The six Herdman kids lie, steal, smoke cigars (even the girls) and then become involved in the community Christmas pageant. |
| 521 ## - TARGET AUDIENCE NOTE | |
| Target audience note | Not rated. |
| 538 ## - SYSTEM DETAILS NOTE | |
| System details note | DVD. |
| 540 ## - TERMS GOVERNING USE AND REPRODUCTION NOTE | |
| Terms governing use and reproduction | For private home use only. |
| 650 #0 - SUBJECT ADDED ENTRY--TOPICAL TERM | |
| Topical term or geographic name as entry element | Christmas plays |
| Form subdivision | Juvenile literature. |
| 9 (RLIN) | 6496943 |
| 655 #7 - INDEX TERM--GENRE/FORM | |
| Genre/form data or focus term | Christmas plays |
| Source of term | lcgft. |
| 9 (RLIN) | 5987189 |
| 655 #7 - INDEX TERM--GENRE/FORM | |
| Genre/form data or focus term | Children's television programs. |
| Source of term | lcgft. |
| 700 1# - ADDED ENTRY--PERSONAL NAME | |
| Personal name | Robinson, Barbara, |
| Dates associated with a name | 1927-2013. |
| 9 (RLIN) | 6051396 |
| 700 1# - ADDED ENTRY--PERSONAL NAME | |
| Personal name | Schaefer, George, |
| Dates associated with a name | 1920-1997. |
| 9 (RLIN) | 6414438 |
| 700 1# - ADDED ENTRY--PERSONAL NAME | |
| Personal name | Swit, Loretta. |
| 9 (RLIN) | 24142 |
| 700 1# - ADDED ENTRY--PERSONAL NAME | |
| Personal name | Davies, Jackson. |
| 9 (RLIN) | 6483094 |
| 700 1# - ADDED ENTRY--PERSONAL NAME | |
| Personal name | Holland, Anthony. |
| 9 (RLIN) | 6554043 |
| 700 1# - ADDED ENTRY--PERSONAL NAME | |
| Personal name | Alexander, David. |
| 9 (RLIN) | 28806 |
| 700 1# - ADDED ENTRY--PERSONAL NAME | |
| Personal name | Balk, Fairuza. |
| 9 (RLIN) | 63320 |
| 700 1# - ADDED ENTRY--PERSONAL NAME | |
| Personal name | Hellman, Ocean. |
| 9 (RLIN) | 6554044 |
| 700 1# - ADDED ENTRY--PERSONAL NAME | |
| Personal name | Wright, Janet, |
| Dates associated with a name | 1945-2016. |
| 9 (RLIN) | 6554045 |
| 710 2# - ADDED ENTRY--CORPORATE NAME | |
| Corporate name or jurisdiction name as entry element | Television Representative, Inc. |
| 9 (RLIN) | 6554046 |
| 710 2# - ADDED ENTRY--CORPORATE NAME | |
| Corporate name or jurisdiction name as entry element | Cromwold Productions. |
| 9 (RLIN) | 6554047 |
| 710 2# - ADDED ENTRY--CORPORATE NAME | |
| Corporate name or jurisdiction name as entry element | Schaefer/Karpf Productions. |
| 9 (RLIN) | 6554048 |
| 942 ## - ADDED ENTRY ELEMENTS (KOHA) | |
| Source of classification or shelving scheme | Dewey Decimal Classification |
| Koha item type | DVD |
| Withdrawn status | Lost status | Source of classification or shelving scheme | Damaged status | Not for loan | Collection code | Home library | Current library | Shelving location | Date acquired | Source of acquisition | Cost, normal purchase price | Total Checkouts | Total Renewals | Full call number | Barcode | Date last seen | Date checked out | Cost, replacement price | Price effective from | Koha item type |
|---|---|---|---|---|---|---|---|---|---|---|---|---|---|---|---|---|---|---|---|---|
| Dewey Decimal Classification | Holiday Movies | Wasatch County Library | Wasatch County Library | Audio Visual Area | 09/07/2011 | Amazon | 14.95 | 40 | 11 | DVD Bes | 34301001027533 | 12/23/2025 | 12/04/2025 | 14.95 | 03/20/2020 | DVD | ||||
| Dewey Decimal Classification | Holiday Movies | Wasatch County Library | Wasatch County Library | Audio Visual Area | 12/27/2012 | 16.85 | 28 | 13 | DVD Bes | 34301000478711 | 10/24/2025 | 10/21/2025 | 16.85 | 03/20/2020 | DVD |
